Snow country
Kaydedildi:
| Yazar: | |
|---|---|
| Materyal Türü: | Kitap |
| Dil: | Undetermined |
| Baskı/Yayın Bilgisi: |
New York
Vintage Books
1996
|
| Konular: | |
| Etiketler: |
Etiketle
Etiket eklenmemiş, İlk siz ekleyin!
|
| Thư viện lưu trữ: | Trung tâm Học liệu Trường Đại học Cần Thơ |
|---|
| LEADER | 00595nam a2200205Ia 4500 | ||
|---|---|---|---|
| 001 | CTU_220200 | ||
| 008 | 210402s9999 xx 000 0 und d | ||
| 020 | |c 10 | ||
| 082 | |a 895.6344 | ||
| 082 | |b K22 | ||
| 100 | |a Kawabata, Yasunari | ||
| 245 | 0 | |a Snow country | |
| 245 | 0 | |c Yasunari Kawabata ; translated by Edward G. Seidensticker | |
| 260 | |a New York | ||
| 260 | |b Vintage Books | ||
| 260 | |c 1996 | ||
| 650 | |a Japanese literature,Văm học Nhật Bản | ||
| 650 | |x Fiction,Tiểu thuyết | ||
| 904 | |i Nguyên | ||
| 980 | |a Trung tâm Học liệu Trường Đại học Cần Thơ | ||